Guide des contrats et lettres types

Bibliographic Details
Main Author: Pire, Didier
Other Authors: Crahay, Paul
Format: Unknown
Language:French
Published: Liege : Edipro, 2008
Online Access:Acceso restringido

MARC

LEADER 00000ny a22000003n 4500
005 20110628103222.0
008 090123s2008 be a sb 000 0 fre c
020 |a 29302870309 
035 |a 2384 
040 |a UMA.RE  |d vLex 
080 |a 347.7(0.034) 
090 |c 1146  |d 1146 
100 1 |a Pire, Didier 
245 1 0 |a Guide des contrats et lettres types   |h [Recurso electrn̤ico]  |c Didier Pire, Paul Crahay 
256 |a Servicio en ln̕ea 
260 |a Liege :   |b Edipro,   |c 2008 
506 1 |a Contenido solo disponible en los productos indicados  |d vLex Global  |d vLex Global (Academic Edition, excluding Law Schools)  |d vLex Global (U.S. Academic Edition, Law Schools)  |d vLex Global (U.S. Academic Edition, excluding Law Schools)  |d vLex Global (Academic Edition, Law Schools) 
700 1 |a Crahay, Paul 
740 0 |a vLex Libros (Servicios en ln̕ea) 
856 4 0 |u http://vlex.com/source/2384  |z Acceso restringido 
942 |c BOOK